Alle Pokemon Attacken von Typ Wasser - Statistiken

Allgemein
  • Dieses Quiz wurde 251 mal gespielt
    25 seit der letzten Aktualisierung
  • Das Durchschnittsergebnis liegt bei 21 aus 45
Antwortstatistiken
Klasse Stärke Genau. Attacke % Korrekt
speziell 40 100 Aquaknarre
95%
speziell 90 100 Surfer
95%
speziell 40 100 Blubber
89%
speziell 110 80 Hydropumpe
89%
speziell 65 100 Blubbstrahl
84%
speziell 60 100 Aquawelle
79%
status - - Regentanz
79%
speziell 150 90 Aquahaubitze
74%
speziell 80 100 Taucher
74%
speziell 35 85 Whirlpool
74%
physisch 80 100 Kaskade
68%
speziell 65 100 Lake
58%
status - - Nassmacher
58%
speziell variiert 100 Fontränen
53%
physisch 100 90 Krabbhammer
53%
speziell 80 100 Siedewasser
53%
status - - Wasserring
53%
physisch 85 100 Aquadurchstoß
47%
status - - Panzerschutz
47%
physisch 40 100 Wasserdüse
47%
speziell 15 100 Wasser-Shuriken
47%
physisch 75 95 Kalkklinge
42%
speziell 65 85 Octazooka
42%
speziell 110 95 Dampfschwall
37%
speziell 90 85 Lehmbrühe
37%
physisch 60 100 Rollwende
37%
physisch 35 85 Schnapper
37%
speziell 110 85 Ursprungswoge
37%
physisch 120 100 Wellentackle
37%
pysisch 60 100 Düsenhieb
32%
physisch 90 90 Nassschweif
32%
speziell 80 100 Präzisionsschuss
32%
speziell 90 100 Schaumserenade
32%
speziell 80 100 Wassersäulen
32%
physisch 70 100 Aquaschnitt
26%
status - - Lebenstropfen
26%
status - 100 Überflutung
26%
physisch 80 100 Wogentanz
26%
speziell 60 100 Blubbsauger
21%
speziell 50 100 Kalte Dusche
21%
physisch 25 100 Trefferschwall
21%
speziell 80 100 Hydrodampf
16%
physisch 85 100 Kiemenbiss
16%
physisch 30 95 Tauchtriade
16%
speziell 90 100 Plätschersurfer
5%
Keine übereinstimmenden Quizze gefunden
Verteilung der Resultate
Anzahl Personen mit jedem Resultat
Perzentil nach korrekt beantworteten Fragen
Ihre Resultats-Entwicklung
Sie haben dieses Quiz seit der letzten Aktualisierung nicht gespielt